000 01090cad a22002415a 4500
001 E148634
008 091013e20090929xxkb f s000 0 eng d
035 _a(Sirsi) u148634
041 0 _aeng
050 0 4 _a340 $2 20
100 1 _aHough, Richard
245 0 4 _aThe Supreme Court
_h[electronic resource]
260 _aEdinburgh
_bScottish Parliament
_c2009
490 0 _aSPICe Briefing
_v(09/69) 29 September 2009
505 2 _aThe past: the judicial work of the House of Lords -- The present: the new Supreme Court -- The future: Scottish appeals to the Supreme Court -- Sources -- Related briefings
520 _aExamines the new UK Supreme Court from a Scottish perspective and looks at the membership, jurisdiction and procedure of the Court. Also discusses how the Court may be involved in Scottish legal proceedings.
521 _aAdvanced
590 _aKA
651 4 _aScotland
_y1999-
690 _aPROPERTY
856 4 0 _uhttps://www.scottish.parliament.uk/business/research/date/index.htm
_zView the briefing free of charge at www.scottish.parliament.uk...
942 _n0
999 _c110141
_d110141